| Tag |
First Indicator |
Second Indicator |
Subfields |
| LEADER |
00000cam a2200000 4500 |
| 001 |
in00000027709 |
| 005 |
20151007062713.0 |
| 008 |
780420s1933 enk 00010 eng |
| 010 |
|
|
|a 33033662
|
| 035 |
|
|
|a (OCoLC)03816260
|
| 035 |
|
|
|9 AAD5600AM
|
| 040 |
|
|
|a DLC
|c JNA
|d TXA
|d UtOrBLW
|
| 049 |
|
|
|a TXAM
|c 1 [245590]
|c 2 [245591]
|c 2 [296801]
|
| 050 |
|
0 |
|a PR2995
|b .S7
|
| 092 |
|
|
|a 822.33
|b DS875a
|
| 100 |
1 |
|
|a Stoll, Elmer Edgar,
|d 1874-1959.
|
| 245 |
1 |
0 |
|a Art and artifice in Shakespeare ;
|b a study in dramatic contrast and illusion /
|c by Elmer Edgar Stoll.
|
| 264 |
|
1 |
|a Cambridge [England] :
|b The University press,
|c 1933.
|
| 300 |
|
|
|a xv, 178 pages ;
|c 19 cm.
|
| 336 |
|
|
|a text
|b txt
|2 rdacontent
|
| 337 |
|
|
|a unmediated
|b n
|2 rdamedia
|
| 338 |
|
|
|a volume
|b nc
|2 rdacarrier
|
| 500 |
|
|
|a Deals chiefly with the tragedies; with special studies of Othello, Macbeth, Hamlet and King Lear.
|
| 600 |
1 |
0 |
|a Shakespeare, William,
|d 1564-1616
|x Technique.
|
| 600 |
1 |
0 |
|a Shakespeare, William,
|d 1564-1616
|x Tragedies.
|
| 999 |
|
|
|a MARS
|
| 999 |
f |
f |
|s 3d57269d-5f1c-3218-ad9e-cfd74efe7e3c
|i 8bcd5a02-9b08-30fb-bc0e-63cfa4c08084
|t 0
|
| 952 |
f |
f |
|p normal
|a Texas A&M University
|b College Station
|c Sterling C. Evans Library
|s Evans stk
|d Evans: Library Stacks
|t 0
|e PR2995 .S7
|h Library of Congress classification
|i unmediated -- volume
|m A14801306993
|
| 998 |
f |
f |
|a PR2995 .S7
|t 0
|l Evans: Library Stacks
|